000 00738nam a2200253Ia 4500
003 OSt
005 20221005023118.0
006 a|||||r|||| 00| 0
007 ta
008 221004b |||||||| |||| 00| 0 eng d
020 _a0801838258 (pbk)
024 _a108183
037 _cTextual
040 _aCRL
_cCRL
_beng
041 _2eng
_aeng
082 _aO111,3:gN, M9
100 _aNussbaum Felicity A
245 0 _aAutographical subject
_b Gender and ideology in eighteenth century England
260 _aBaltimore
_bJohns Hopkins University Press
_c1989
300 _axxiii,264p.
_ccm.
650 _aENGLISH LITERATURE
942 _hO111,3:gN, M9
_cTEXL
_2cc
999 _c930615
_d930615